| 000 | 00962nam a2200229Ia 4500 | ||
|---|---|---|---|
| 999 |
_c40304 _d40304 |
||
| 001 | 6912 | ||
| 003 | GE_BSU | ||
| 005 | 20200206122331.0 | ||
| 008 | 181216s1989||||ge |||||||||||||| ||geo|| | ||
| 040 | _cGE_BSU | ||
| 041 | _ageo | ||
| 080 | _a821.353.1-1 გ-85 | ||
| 100 |
_aგრიშაშვილი, იოსებ. _96813 |
||
| 245 |
_aჩვენი აღმართი : _bლექსები / _cიოსებ გრიშაშვილი ; შემდგ. რედ. სიმონ ნარიმანიძე. |
||
| 250 | _aსაუკუნის პოეტები | ||
| 264 |
_aთბილისი : _bმერანი, _c1989. |
||
| 300 |
_a294 გვ. ; _bფოტო-პორტრეტი ; _c21 სმ. |
||
| 653 | _aჩვენი აღმართი | ||
| 653 | _aლექსები | ||
| 700 |
_a ნარიმანიძე, სიმონ _eრედაქტორი _96833 |
||
| 942 |
_cBK _2udc |
||